Normal view MARC view
  • Royal Institution of Chartered Surveyors

Entry Corporate Name

Number of records used in: 13

001 - CONTROL NUMBER

  • control field: 4304

003 - CONTROL NUMBER IDENTIFIER

  • control field: OSt

005 - DATE AND TIME OF LATEST TRANSACTION

  • control field: 20190806150232.0

008 - FIXED-LENGTH DATA ELEMENTS

  • fixed length control field: 000000 a

040 ## - CATALOGING SOURCE

  • Original cataloging agency: OSt
  • Transcribing agency: OSt

110 ## - HEADING--CORPORATE NAME

  • Corporate name or jurisdiction name as entry element: Royal Institution of Chartered Surveyors
  • Subordinate unit: Residential Property Faculty

410 ## - SEE FROM TRACING--CORPORATE NAME

  • Corporate name or jurisdiction name as entry element: RICS Residential Property Faculty

410 ## - SEE FROM TRACING--CORPORATE NAME

  • Corporate name or jurisdiction name as entry element: Residential Faculty

410 ## - SEE FROM TRACING--CORPORATE NAME

  • Corporate name or jurisdiction name as entry element: RICS Residential Faculty

410 ## - SEE FROM TRACING--CORPORATE NAME

  • Corporate name or jurisdiction name as entry element: Royal Institution of Chartered Surveyors
  • Subordinate unit: Residential Faculty

410 ## - SEE FROM TRACING--CORPORATE NAME

  • Corporate name or jurisdiction name as entry element: Residential Property Faculty

680 ## - PUBLIC GENERAL NOTE

  • Heading or subdivision term: Used for material relating to the faculty which was later known as RICS Residential Property Faculty